000 01709cam a2200349 a 4500
001 EDZ0000072093
003 StDuBDS
005 20161031105219.0
006 m||||||||d||||||||
007 cr |||||||||||
008 120412s2006 enk fo| 000|0|eng|d
020 _a9781446212813 (ebook) :
_cNo price
040 _aStDuBDS
_beng
_cStDuBDS
_epn
049 _aAlfaisal Main Library
050 0 _aLC1091
_b.H245 2006
082 0 4 _a320.4071
_223
100 1 _aHammond, Andrew,
_d1971-
245 1 0 _aTolerance and empathy in today's classroom
_h[electronic resource] :
_bbuilding positive relationships within the citizenship curriculum for 9 to 14 year olds /
_cAndrew Hammond.
260 _aLondon :
_bPaul Chapman,
_c2006.
300 _a1 online resource (v, 201 p.)
504 _aIncludes bibliographical references.
520 8 _aThis title is an activity-based teacher's guide to fostering positive group interaction through imagined experience and discussion for children aged 9 to 14. In a series of interactive workshops, each one providing a context, a scenario and a list of characters, pupils are invited to engage in discussion, debate and negotiation to solve problems and meet challenges.
521 _aSpecialized.
588 _aDescription based on print version record.
650 0 _aCitizenship
_xStudy and teaching (Elementary)
_zGreat Britain.
650 0 _aCitizenship
_xStudy and teaching (Secondary)
_zGreat Britain.
655 7 _aElectronic books.
_2local
710 2 _aSage eBooks
776 0 8 _iPrint version :
_z9781412913072
856 4 0 _uhttp://ezproxy.alfaisal.edu/login?url=http://sk.sagepub.com/books/tolerance-and-empathy-in-todays-classroom
942 _2lcc
_cEBOOKS
999 _c481846
_d481846